| 000 -LEADER |
| fixed length control field |
00551pab a2200169 454500 |
| 008 - FIXED-LENGTH DATA ELEMENTS--GENERAL INFORMATION |
| fixed length control field |
180718b1996 xxu||||| |||| 00| 0 eng d |
| 100 ## - MAIN ENTRY--PERSONAL NAME |
| Personal name |
Shaw, G. Jerry |
| 245 ## - TITLE STATEMENT |
| Title |
Federal employee appeals: out of the maze |
| 260 ## - PUBLICATION, DISTRIBUTION, ETC. |
| Date of publication, distribution, etc. |
1996 |
| 300 ## - PHYSICAL DESCRIPTION |
| Extent |
p.15-18 |
| 362 ## - DATES OF PUBLICATION AND/OR SEQUENTIAL DESIGNATION |
| Dates of publication and/or sequential designation |
Fall |
| 520 ## - SUMMARY, ETC. |
| Summary, etc. |
The article stresses that whether the current multiplicity of avenues of appeal is in the best interest of either the federal employees or the employing agency |
| 650 ## - SUBJECT ADDED ENTRY--TOPICAL TERM |
| Topical term or geographic name entry element |
Civil service |
| 700 ## - ADDED ENTRY--PERSONAL NAME |
| Personal name |
Fischer, Paul |
| 773 ## - HOST ITEM ENTRY |
| Main entry heading |
Public Manager |
| 909 ## - |
| -- |
32595 |